000 00387nam a2200169Ia 4500
008 210210b1948 xxu||||| |||| 00| 0 eng d
041 _aeng
082 _a829/447
100 _aGIBBS (Philip)
245 _aBehind the curtain
260 _aLondon
_bHutchinson & Co
_c1948
650 _athe
650 _acurtain
650 _aBehind
690 _aEnglish Fiction
906 _a017051
999 _c137009
_d137009